000 00617nam a2200241Ia 4500
005 20260430150452.0
008 008 250103s9999 xx 000 0 eng d
037 _aTheses
040 _aCRL
040 _beng
040 _ceng
041 _2eng
041 _aeng
084 _qCRL
100 _aKuriakose Harsha Au.; Soreng Eric Gu.
_91237600
245 0 _aSymbols of Salvation Jungian Study of Christian Scriptures
260 _c2022
300 _a179p.
650 _aPsychology
700 _aUniversity of Delhi. Faculty of Arts. Deptt. of Psychology
942 _cTH
999 _c1849852
_d1849852